[Event "Kochan Memorial op 25th"]
[Site "Koszalin"]
[Date "2014.08.12"]
[Round "3"]
[White "Bilczewski, Kacper"]
[Black "Kedziera, Izydor"]
[Result "1-0"]
[WhiteElo "1834"]
[BlackElo "1512"]
[PlyCount "155"]
[EventDate "2014.08.10"]
[EventType "swiss"]
[EventRounds "9"]
[EventCountry "POL"]
[SourceTitle "CBM 161 Extra"]
[Source "ChessBase"]
[SourceDate "2014.08.29"]
[SourceVersion "1"]
[SourceVersionDate "2014.08.29"]
[SourceQuality "1"]

1. e4 d6 2. d4 e6 3. Nc3 Be7 4. f4 Nd7 5. Nf3 b6 6. Bd3 Bb7 7. 0-0 Nh6 8. Ne2 c5 9. c3 Nf6 10. Ng3 Qc7 11. a3 a5 12. e5 Nd7 13. exd6 Bxd6 14. Ne5 Nf6 15. f5 0-0-0 16. fxe6 fxe6 17. Bxh6 gxh6 18. Rxf6 Bxe5 19. dxe5 c4 20. Qg4 Rxd3 21. Qxe6+ Kb8 22. Qxb6 Qxe5 23. Raf1 Rhd8 24. Rf8 Qd5 25. Rxd8+ Qxd8 26. Qxd8+ Rxd8 27. Re1 Rd2 28. Re2 Rd1+ 29. Kf2 Rd5 30. Ne4 Re5 31. Kf3 Re7 32. g3 Rf7+ 33. Ke3 Re7 34. Kf4 Rf7+ 35. Ke5 Re7+ 36. Kf5 Rf7+ 37. Ke6 Rf8 38. Nd6 Kc7 39. Nb5+ Kc6 40. Nd4+ Kc7 41. Ke7 Rg8 42. Kf7 Rg6 43. Re7+ Kc8 44. Re5 Rb6 45. Rb5 Ra6 46. Kg7 Be4 47. Re5 Bd3 48. Re6 Ra7+ 49. Kxh6 Rb7 50. Re5 Rxb2 51. h4 Rg2 52. Rg5 Rg1 53. g4 Rc1 54. Nb5 Kd7 55. Rc5 Rg1 56. Rc7+ Ke6 57. Rg7 Kf6 58. g5+ Ke6 59. Nd4+ Kd6 60. Ra7 Rh1 61. Kh5 Rc1 62. Rxa5 Ke7 63. Re5+ Kd7 64. Nb5 Bg6+ 65. Kg4 Rg1+ 66. Kh3 Rh1+ 67. Kg3 Rg1+ 68. Kh2 Rf1 69. Nd4 Kd6 70. Re3 Ra1 71. Kg3 Kc5 72. Re5+ Kb6 73. Rb5+ Ka6 74. Rb8 Ka7 75. Rb4 Rc1 76. Rxc4 Kb6 77. Rc6+ Ka5 78. Nb3+ 1-0